000 00578nam a2200169Ia 4500
008 100204s9999 xx 000 0 und d
082 _b27387
100 _aदास गोपाल
245 _aनिर्बुध्दीचा राज्यकारभार
250 _a0
260 _c2005
300 _a108
630 _aनिर्बुध्दीचा राज्यकारभार
700 _aकामत मृणालीनी
730 _aनिर्बुध्दीचा राज्यकारभार
942 _cBOOK
999 _c472568
_d472565